Trouvez les arbres d'ornement - Statistiques

Statistiques générales
  • Ce quiz a été pris 6 fois
  • Le résultat moyen est 4 sur 69
Statistiques - réponses
Par images Réponse % Correct
Chene vert
67%
Micocoulier
67%
Albizia
33%
australis
33%
Erable de Montpellier
33%
Magnolia
33%
Magnolia
33%
Marronier d'Inde
33%
Murier platane
33%
Prunus
33%
Acacia de Constantinople
0%
Acer
0%
Acer
0%
Aesculus
0%
angustifolia
0%
Arbousier
0%
Arbutus
0%
argenta
0%
azedarach
0%
bigoninoides
0%
Catapla
0%
Catapla
0%
Celtis
0%
cerasifera
0%
Chene pubescent
0%
Eleagnus
0%
Erable négundo
0%
Eucalyptus
0%
Eucalyptus
0%
Févier d'Amerique
0%
Gleditsia
0%
grandiflora
0%
gunnii
0%
hippocastanum
0%
ilex
0%
indica
0%
japonica
0%
julibrissin
0%
Koelreuteria
0%
Lagerstroemia
0%
Lagerstroemia
0%
Melia
0%
Melia
0%
Monspessulanum
0%
Morus
0%
negundo
0%
nigra
0%
Olivier de Bohème
0%
paniculata
0%
Paulownia
0%
Paulownia
0%
Peulpier noir d'Italie
0%
Populus
0%
Prunier de Pissard
0%
pseudoacacia
0%
pubescens
0%
Quercus
0%
Quercus
0%
Robinia
0%
Robinier faux acacia
0%
Savonnier
0%
Sophora
0%
Sophora du Japon
0%
Tilia
0%
Tilleul argenté
0%
tomentosa
0%
triacanthos
0%
unedo
0%
Xkagayame
0%
Aucun quiz correspondant
Distribution des résultats
% des personnes avec chaque résultat
Percentile par nombre de réponses
Votre historique - résultats
Vous n’avez pas pris ce quiz